01005nam a2200313 c 4500001000200000003000900002005001700011007000600028008004100034015000600075017000900081020000600090035000600096040002500102080000600127082002800133240000600161245013000167260006200297300003700359500003900396504003500435650002900470650003000499650003000529650004600559700004600605710004000651 DO-SdBNP20211115102030.002750151021s1999 xx a | |||| 000 0 spa  a  a b  a  a  aBPMSUbspacBPMSUe  a  a658.15bG393r 1999222  a 00aGestión de riesgos financieros: bun enfoque práctico para países latinoamericanos / cJosé A. Soler ... [et al.]. aWashington, DCbBanco Interamericano de Desarrollo,c1999 a xxii, 596 p. :b il. ; c24 cm aIncluye bibliografía e índice. aBibliográficas (p. 439-440). 4aGestión de riesgos.2  4aCorporaciones xFinanzas. 4aFinanzas internacionales. 4aGestión de riesgos zAmérica Latina  aSoler Ramos, José A. q(José Antonio)2 aBanco Interamericano de Desarrollo.